Tích hợp dạy học lý thuyết và thực hành môn công nghệ trung học phổ thông /

Enregistré dans:
Détails bibliographiques
Auteur principal: Phan Duy Kiên, ThS.
Format: Article
Langue:Vietnamese
Sujets:
Tags: Ajouter un tag
Pas de tags, Soyez le premier à ajouter un tag!
Thư viện lưu trữ: Thư viện Trường Đại học Đà Lạt
LEADER 00829nam a2200277 4500
001 DLU180186661
005 ##20180904
040 # # |a DLU  |b vie 
041 # # |a vie 
044 # # |a vn 
100 # # |a Phan Duy Kiên,   |c ThS. 
245 # # |a Tích hợp dạy học lý thuyết và thực hành môn công nghệ trung học phổ thông /  |c Phan Duy Kiên. 
653 # # |a Lý thuyết 
653 # # |a Môn công nghệ 
653 # # |a Tích hợp 
653 # # |a Thực hành 
773 # # |t Tạp chí dạy và học ngày nay  |g Số 3, 2015, tr. 46-48 
920 # # |a Phòng Tạp chí -- Trung tâm Thông tin - Thư viện Trường Đại học Đà Lạt 
994 # # |a DLU 
900 # # |a True 
911 # # |a Trần Thị Minh Hương 
925 # # |a G 
926 # # |a A 
927 # # |a BB 
980 # # |a Thư viện Trường Đại học Đà Lạt